| 000 | 00502nam a2200157 i 4500 | ||
|---|---|---|---|
| 001 | 30980 | ||
| 003 | ES-MaACL | ||
| 005 | 20230906154303.0 | ||
| 007 | t| | ||
| 008 | 030128s1910 gt ||||1| spa d | ||
| 100 | 1 |
_aBatres Jáuregui, Antonio. _926463 |
|
| 245 | 1 | 0 |
_aJosé Batres Montúfar _b: su tiempo y sus obras 1809-1909 / _cAntonio Batres Jáuregui. |
| 260 |
_aGuatemala : _b[s.n., _c1910] ( _fSánchez & de Guise) |
||
| 300 |
_a194 p. ; _c20 cm. |
||
| 852 |
_aES-MaACL _jF-8255 |
||
| 999 |
_c30980 _d30980 |
||